Avengers Quotes - Statistics

General Stats
  • This quiz has been taken 203 times
  • The average score is 8 of 10
Answer Stats
Quote Answer % Correct
Language! Captain America
96%
Mr Stark i don't feel so good Peter Parker
95%
Sometimes I want to punch you in your perfect teeth Tony Stark
95%
I'm sorry earth is closed today Tony Stark
95%
That's my secret Cap I'm always angry Bruce Banner
92%
Bring me Thanos! Thor
90%
KNEEL! Loki
85%
You didn't see that coming? Quicksilver
68%
Are you seriously leaning on the couldron of the cosmos? Doctor Strange
65%
This is no place to die Black Panther
57%
No matching quizzes found
Score Distribution
Percent of People with Each Score
Percentile by Number Answered
Your Score History
You have not taken this quiz